Re-Engineering of the Damaged Brain and Spinal Cord Evidence-Based Neurorehabilitation /

Λεπτομέρειες βιβλιογραφικής εγγραφής
Συγγραφή απο Οργανισμό/Αρχή: SpringerLink (Online service)
Άλλοι συγγραφείς: Wild, Klaus R. H. von (Επιμελητής έκδοσης)
Μορφή: Ηλεκτρονική πηγή Ηλ. βιβλίο
Γλώσσα:English
Έκδοση: Vienna : Springer Vienna, 2005.
Σειρά:Acta Neurochirurgica Supplementum, 93
Θέματα:
Διαθέσιμο Online:Full Text via HEAL-Link
LEADER 05993nam a22005175i 4500
001 978-3-211-27577-1
003 DE-He213
005 20151204152611.0
007 cr nn 008mamaa
008 100301s2005 au | s |||| 0|eng d
020 |a 9783211275771  |9 978-3-211-27577-1 
024 7 |a 10.1007/3-211-27577-0  |2 doi 
040 |d GrThAP 
050 4 |a RD1-811 
072 7 |a MN  |2 bicssc 
072 7 |a MED085000  |2 bisacsh 
082 0 4 |a 617  |2 23 
245 1 0 |a Re-Engineering of the Damaged Brain and Spinal Cord  |h [electronic resource] :  |b Evidence-Based Neurorehabilitation /  |c edited by Klaus R. H. von Wild. 
264 1 |a Vienna :  |b Springer Vienna,  |c 2005. 
300 |a XVI, 240 p.  |b online resource. 
336 |a text  |b txt  |2 rdacontent 
337 |a computer  |b c  |2 rdamedia 
338 |a online resource  |b cr  |2 rdacarrier 
347 |a text file  |b PDF  |2 rda 
490 1 |a Acta Neurochirurgica Supplementum,  |x 0065-1419 ;  |v 93 
505 0 |a Evidence based neurorehabilitation -- Evidence based medicine in neurological rehabilitation — a critical review -- Quality management in traumatic brain injury (TBI) Lessons from the prospective study in 6.800 patients after acute TBI in respect of neurorehabilitation -- Posttraumatic epilepsy with special emphasis on prophylaxis and prevention -- Swallowing therapy — a prospective study on patients with neurogenic dysphagia due to unilateral paresis of the vagal nerve, Avellis’ syndrome, Wallenberg’s syndrome, posterior fossa tumours and cerebellar hemorrhage -- Impaired self-awareness after moderately severe to severe traumatic brain injury -- Assessment of health-related quality of life in persons after traumatic brain injury — development of the Qolibri, a specific measure -- Re-engineering of brain lesions -- RNA editing: a molecular mechanism for the fine modulation of neuronal transmission -- Inhibition of I?B? phosphorylation prevents glutamate-induced NF-?B activation and neuronal cell death -- Reorganization of cerebral circuits in human brain lesion -- Transcranial magnetic stimulation in neurorehabilitation -- Is there impairment of a specific frontal lobe circuit in head injury? -- Treating the aging brain: cortical reorganization and behavior -- The localization of central pattern generators for swallowing in humans — a clinical-anatomical study on patients with unilateral paresis of the vagal nerve, Avellis’ syndrome, Wallenberg’s syndrome, posterior fossa tumours and cerebellar hemorrhage -- Functional regeneration of the axotomized auditory nerve with combined neurotrophic and anti-inhibitory strategies -- Electrically evoked hearing perception by functional neurostimulation of the central auditory system -- Physiological recordings from electrodes implanted in the basal ganglia for deep brain stimulation in Parkinson’s disease. The relevance of fast subthalamic rhythms -- DBS therapy for the vegetative state and minimally conscious state -- Deep brain stimulation for idiopathic or secondary movement disorders -- Extradural Motor Cortex Stimulation (EMCS) for Parkinson’s disease. History and first results by the study group of the Italian neurosurgical society -- Endocrine dysfunction following traumatic brain injury: mechanisms, pathophysiology and clinical correlations -- Taylored implants for alloplastic cranioplasty — clinical and surgical considerations -- Lessons from National and International TBI Societies and Funds like NBIRTT -- Re-engineering of spinal cord lesions -- Brachial plexus surgery (Honorary lecture) -- Results in brachial plexus palsy after biceps neuro-muscular neurotization associated with neuro-neural neurotization and teno-muscular transfer -- Macrophages and dendritic cells treatment of spinal cord injury: from the bench to the clinic -- Electrophysiological effects of 4-aminopyridine on fictive locomotor activity of the rat spinal cord in vitro -- Alternative, complementary, energy-based medicine for spinal cord injury -- The effect of penile vibratory stimulation on male fertility potential, spasticity and neurogenic detrusor overactivity in spinal cord lesioned individuals -- Posttraumatic syringomyelia — a serious complication in tetra- and paraplegic patients -- Functional neurorehabilitation in locked-in syndrome following C0–C1 decompression -- Treatment options and results in cervical myelopathy -- The treatment of the sacral pressure sores in patients with spinal lesions -- Neurological-neurosurgical-neurobehavioral rehabilitation -- Phenomenological aspects of consciousness — its disturbance in acute and chronic stages -- Neuropsychological experiences in neurotraumatology -- Team care in ICU — Psychotherapeutic aspects and taking care of family of patients with traumatic brain injury -- Early clinical predictive factors during coma recovery -- Predicting one year clinical outcome in traumatic brain injury (TBI) at the beginning of rehabilitation -- Severe brain injuries in children -- The locked-in syndrome: a challenge for therapy -- Addendum -- WFNS committee for neurorehabilitation -- Academia Multidisciplinaria Neurotraumatologica AMN -- NBIRTT, the National Brain Injury Research, Treatment and Training Foundation. 
650 0 |a Medicine. 
650 0 |a Emergency medicine. 
650 0 |a Neurosurgery. 
650 0 |a Behavioral therapy. 
650 0 |a Rehabilitation medicine. 
650 0 |a Surgery. 
650 1 4 |a Medicine & Public Health. 
650 2 4 |a Surgery. 
650 2 4 |a Neurosurgery. 
650 2 4 |a Rehabilitation Medicine. 
650 2 4 |a Behavioral Therapy. 
650 2 4 |a Emergency Medicine. 
700 1 |a Wild, Klaus R. H. von.  |e editor. 
710 2 |a SpringerLink (Online service) 
773 0 |t Springer eBooks 
776 0 8 |i Printed edition:  |z 9783211241509 
830 0 |a Acta Neurochirurgica Supplementum,  |x 0065-1419 ;  |v 93 
856 4 0 |u http://dx.doi.org/10.1007/3-211-27577-0  |z Full Text via HEAL-Link 
912 |a ZDB-2-SME 
950 |a Medicine (Springer-11650)